000 01313cam a2200289 a 4500
999 _c1518
_d1518
001 759280
003 CoMeUDC
005 20220409091921.0
008 981103s1998 ck a r 00110 spa d
020 _a9586553094
040 _ala
_cCO-UdeC
041 0 _aspa
082 0 4 _a070.5
_bE23
110 _92006
_aEditorial Universidad de Antioquia
245 0 0 _aNormas de presentación /
_cEditorial Universidad de Antioquia.
260 _aMedellín :
_bEditorial Universidad de Antioquia,
_c1998.
300 _axv, 128 p. :
_bil. ;
_c24 cm.
440 _aColección medios y mensajes
_92007
504 _aIncluye bibliografía e índice analítico
505 _aPresentación -- Uso de tipos de letra -- Cifras y números -- Siglas, acrónimos y abreviaturas -- Uso de mayúsculas -- Citas, referencias bibliográficas y notas a pie de página en ciencias sociales y humanas -- Índice analítico -- Material gráfico -- Pautas de digitación -- Anexo A. Sistema Internacional de Unidades (SI) -- Anexo B. Referencias bibliográficas para las ciencias de la salud
546 _aEspañol
650 6 _aImprentas universitarias
_v Normas.
650 0 _aLectoescritura
_91787
650 0 _aRedacción de escritos técnicos
_91647
650 0 _aRedacción de escritos científicos
_91648
942 _2ddc
_cBK